000 00305nam a22001217a 4500
008 180606b xxu||||| |||| 00| 0 eng d
041 _aeng
080 _a043.3
100 _a0
101 _aSHKI-BA
245 _aProtokollet e Rrugetimit te Brendshem ne Rrjetat Kompjuterike
_cPrenku, B
942 _2udc
_cBK
999 _c46513
_d46513